书目信息 |
| 题名: |
烯烃双烯烃配位聚合进展
|
|
| 作者: | 沈之荃等 , 黄葆同 著 | |
| 分册: | ||
| 出版信息: | 北京 科学出版社 1998 |
|
| 页数: | 248 | |
| 开本: | 26cm | |
| 丛书名: | ||
| 单 册: | ||
| 中图分类: | O622.1 | |
| 科图分类: | ||
| 主题词: | 有机化学 | |
| 电子资源: | ||
| ISBN: | 7-03-006327-9 | |
| 000 | 00614nam0 2200193 450 | |
| 001 | 0754114953 | |
| 005 | 20070929150154.95 | |
| 010 | @a7-03-006327-9 | |
| 100 | @a20070929d km y0chiy0120 ea | |
| 101 | 0 | @achi |
| 200 | 1 | @a烯烃双烯烃配位聚合进展@Axi ting shuang xi ting pei wei ju he jin zhan@f黄葆同,沈之荃等 著@Fhuang bao tong,shen zhi quan deng zhu |
| 210 | @a北京@c科学出版社@d1998 | |
| 215 | @a248@c插图@d26cm | |
| 606 | 0 | @a有机化学 |
| 690 | @aO622.1@v3 | |
| 701 | 0 | @a沈之荃等@Ashen zhi quan deng@4著 |
| 701 | 0 | @a黄葆同@Ahuang bao tong@4著 |
| 801 | 0 | @aCN@bPFT@c20070929 |
| 905 | @a213230@dO622.1@eh38@f1 | |
| 烯烃双烯烃配位聚合进展/黄葆同,沈之荃等 著.-北京:科学出版社,1998 |
| 248:插图;26cm |
| ISBN 7-03-006327-9: |
| ● |
| 相关链接 |
|
|
|
|
正题名:烯烃双烯烃配位聚合进展
索取号:O622.1/h38
 
预约/预借
| 序号 | 登录号 | 条形码 | 馆藏地/架位号 | 状态 | 备注 |
| 1 | 6000238 | 260002384 | 密集书库-化学系/ [索取号:O622.1/h38] | 在馆 |